Statistics for Guess the top 30 people in the 2022 Ballon D'or!

Click here to take the quiz!

General Stats

  • This quiz has been taken 49 times
  • The average score is 17 of 30

Answer Stats

Their placeThe people% Correct
1Benzema
98%
20Ronaldo
95%
4Lewandowski
89%
6Mbappe
89%
5Salah
89%
3De Bruyne
86%
10Haaland
86%
9Modric
86%
2Mane
84%
16van Dijk
80%
7Courtois
73%
24Silva
59%
21Kane
55%
12Mahrez
50%
29Cancelo
48%
25Kimmich
48%
26Nunez
48%
17Casemiro
45%
11Son
45%
8Vinicius Jr
45%
23Foden
39%
19Diaz
36%
15Leao
36%
14Fabinho
32%
27Rudiger
30%
13Haller
27%
22Alexander Arnold
25%
28Nkunku
25%
30Maignan
23%
18Vlahovic
18%

Score Distribution

Percentile by Number Answered

Percent of People with Each Score

Your Score History

You have not taken this quiz